Quizzes
Events
Quiz Creation
Community
Videos
Private Events
Remove Ads
Sign In
Join for FREE
Feedback
Dark Mode
Quiz Categories
Sports
Geography
Music
Movies
Television
Just For Fun
Miscellaneous
History
Literature
Language
Science
Gaming
Entertainment
Religion
Holiday
For Kids
Quiz Lab
Recent
Popular Today
Quiz Kudos Today
Editor Picks
Curator Picks
Quizzes by...
Day
Popularity
Type
Ratings
Length
Year
Community
Subscriptions
Recent Discussions
Orange Saloon
Badges
Playlists
Quests
Create
Leaderboards
Showdown
Live 5
Trivia Bingo
Activity
Puzzle Library
Sporcle Events
Private Events
Virtual Trivia
Globe League
Become a Host
Pub Owners
SporcleCon
Opinionation
Our Games
Videos
Blog
Mobile Apps
Partnerships
Remove Ads and Go Orange
Feedback
Language
Vocabulary
Begins and Ends
Definition
Spanish
French
German
Italian
Chinese
Latin
Translation
Japanese
Language
Vocabulary
Begins and Ends
Definition
Spanish
French
German
Italian
Chinese
Latin
Translation
Japanese
Random Quiz
Search Sporcle
×
Quiz Lab
Quiz Lab
Language
month
Type in answers that appear in a list
Type in answers that appear in a list
Classic
Best Score? Go Orange.
Name the Month Stats
Can you name the Name the Month?
By
magistrakunz
2m
12 Questions
478 Plays
478 Plays
478 Plays
Comments
Comments
Give Quiz Kudos
Give Quiz Kudos
-
- Ratings
hide this ad
More Info
Forced Order
Answers have to be entered in order
Answers have to be entered in order
Replay
Link that replays current quiz
Next Quiz
Link to next quiz in quiz playlist
You Got
0%
They Got
Avg Score
91%
Avg Friend Score
Upgrade to see
Score Distribution
Jump to the score distribution portion of the page
Score
0/12
Timer
02:00
0
Plays Today
Origin
Month
% Correct
The Latin number 'ten'
December
96%
The Latin number 'seven'
September
94.8%
The Latin number 'nine'
November
93.7%
Rome's first emperor
August
93.1%
Rome's most famous general who was killed on the Ides of March
July
93.1%
The Roman god of beginnings and endings
January
92.1%
The Latin number 'eight'
October
92.1%
(probably) From the Latin verb 'to open,' as in the 'opening of spring'
April
90.2%
A Greek spring goddess
May
90%
The Roman god of war
March
87%
(probably) The Roman goddess of marriage and childbirth; married to Jupiter
June
86.4%
The Roman festival of purification
February
84.7%
Quiz Playlist
Details
Report
Send in Message
Add To Playlist
More Info:
The months are (obviously) out of order!
Classic:
Type in answers that appear in a list
Forced Order:
Answers have to be entered in order
Last Updated: Feb 16, 2017
Quiz Scoreboard
CHALLENGE
Sign Up to Join the Scoreboard
Show All
Scores
Hide
Comments
May contain spoilers
Recently Published
Decade Duel: World Leaders
by jenniferyan
History
4m
Alphabetical 'K' Countries by Flag Minefield
by ylime102
Geography
3m
Pick 6: Fruits
by JohnFran
Miscellaneous
15s
More to Explore
Quiz From the Vault
Featured Blog Post
15 Basketball Trivia Facts You Can Be March Mad About
hide this ad
You Might Also Like...
Tags
month
origin
Today's Top Quizzes in Language
Browse Language
hide this ad
Today's Top Quizzes in month
Browse month
Top Contributed Quizzes in Language
1
Spring or Fall
2
Spanish Seasons
3
Multilingual Seasons
4
Name the 4 Seasons in English
5
Einsilbige Reime auf Chips
6
Seasonal Rhymes
7
Spring or Fall?
8
Quick Pick: Seasons in Esperanto
9
Quick Pick: Prefixes for Spring
10
Rhymes With 'Spring'
Explore More
Trending Topics
Kpop
Marvel
Disney
Crossword
Anime
Harry Potter
NBA
NFL
Puzzle
Country
WWE
Song
The Office
Pokémon
Soccer
hide this ad
More By:
magistrakunz
Quiz
Plays
Rating
Category
Featured
Created
Words Derived from Myth
97,797
4.46
Language
Jan 15, 2010
Derived from Latin
1,369
3.94
Language
Jan 13, 2010
Identify the Latin Motto
502
3.57
Language
Feb 3, 2010
Name the Month
478
4.30
Language
Apr 3, 2010
Mythological Figures by Association
348
4.50
Miscellaneous
Jan 6, 2010
Go to Creator's Profile
Score Distribution
Quiz Creator Spotlight
magistrakunz
Follow
Send a Message
Quizzes Created
-
Created Quiz Play Count
-
More By This Creator
Popular Quizzes Today
1
Countries of Asia Without Outlines Minefield
2
Find the US States - No Outlines Minefield
3
Pick 6: Fruits
4
The Countries of the World
5
Alphabetical 'K' Countries by Flag Minefield
6
Find the Countries of Europe - No Outlines Minefield
7
US States
8
Find the US States
More Language Quizzes
Ends in 'CLE'
Published
Trending Quizzes
Pick 6: Mountains
Pick 6: Harry Potter
Pick 6: Flags
Pick 6: NFL Teams
Pick 6: Movie Franchises
Recently Updated
Adaptations: Name the Title
pecheneg
NWSL Teams
pecheneg
Women's Final Four Teams by Year
bhenderson79
Presidents Quartet II
eogle
Anything But Clue(do)
eogle
Anything But Oceanian Capitals
eogle
Anything But 7
eogle
Anything But Thing
eogle
Word Ladder: February 29
pecheneg
Song Title Questions
pecheneg
Trending Topics
Harry Potter
Anime
Disney
NBA
Marvel
Kpop
Crossword
Soccer
Puzzle
NFL
Pokémon
The Office
WWE
Song
Country
Your Account Isn't Verified!
In order to create a playlist on Sporcle, you need to verify the email address you used during registration. Go to your
Sporcle Settings
to finish the process.
Report this User
Report this user for behavior that violates our
Community Guidelines
.
Details:
Send Report
Go to the Sporcle.com Mobile Site →
Comments